00809nam a2200229Ii 450000100060000000300090000600800410001502000180005604000330007404100080010708200200011510000390013524500400017426400610021430000120027533600260028733700280031333800270034194000520036899900170042095201420043722555CO-ViMGA241108s9999||||xx |||||||||||||| ||und|| a9789585425859 aCO-ViMGAbspaerdacCO-ViMGA0 aunk04a363.6909861 H371 aEscovar Wilson-White, Alberto939110aHistoria del patrimonio en Colombia 1a[Lugar de publicación no identificado] : Aguilar, 2018 avolumen atextbtxt2rdacontent aunmediatedbn2rdamedia avolumebnc2rdacarrier aidficha_siabuc: 20690. -- ficha_no_siabuc:22555 c51385d51385 001040708001aMEVIGERRbMEVIGERRcGENd2021-03-18o363.6909861 H37pECA27827r2024-11-26 10:02:46tEj.1w2024-11-26yBKz20690 | 26791